Information design unbound : key concepts and skills for making sense in a changing world

Main Author: Pontis, Sheila
Other Authors: Babwahsingh, Michael
Subjects:
Online Access: http://library.unisel.edu.my/web/guest/mylibrary
LEADER 01136cam a2200277 7i4500
001 0000080291
005 20231026090000.0
020 |a 9781350054158 (electronic book)  
090 0 0 |a NC1000   |b .P66 2024 
100 1 |a Pontis, Sheila  
245 1 0 |a Information design unbound :   |b key concepts and skills for making sense in a changing world   |c Sheila Pontis and Michael Babwahsingh. 
264 |a London:   |b Bloomsbury Publishing,   |c 2024. 
300 |a 1 online resource (272 pages):   |b colour illustrations, text file, PDF. 
336 |a text  |2 rdacontent 
337 |a computer  |2 rdamedia 
338 |a online resource  |2 rdacarrier 
650 0 |a Knowledge representation (Information theory)  
650 0 |a Information visualization  
650 0 |a Graphic arts --   |x Technique  
650 0 |a Visual communication  
655 0 |a Electronic books 
700 1 |a Babwahsingh, Michael  
856 4 2 |u http://library.unisel.edu.my/web/guest/mylibrary 
997 |a Communication, Visual Art & Computing, Faculty  |b Visual Art, Department 
998 |a Arts Creative Photography Technology, Degree 
999 |a EBO0022196  |b EBOOK  |c EBOOK  |e Electronic resources